| 000 | 00883nam a22002537a 4500 | ||
|---|---|---|---|
| 005 | 20170124105941.0 | ||
| 010 | _aA-677766 | ||
| 020 |
_c00 _a8121505788 |
||
| 035 | _aA-677766 | ||
| 037 | _bCen Lib/Ret | ||
| 040 |
_aDPL _bEN |
||
| 082 |
_a238 _bRAI |
||
| 100 |
_aRai, Lajpat _911144 |
||
| 245 |
_aA history of arya samaj : _cby Lajpat Rai; edited by Sri Ram Sharma _b an account of its origin, doctrins and activities with a biographical sketch of the founder / |
||
| 246 | _b | ||
| 260 |
_bMunshiram Manoharlal Publishers _c1992 _aNew Delhi |
||
| 270 |
_bNew Delhi _a54, rani jhansi road _e110055 |
||
| 300 |
_avi, 217p. _c21cm(Hb) |
||
| 500 | _aIncludes bibliographical references and index | ||
| 650 |
_aHinduism--Arya samaj _991086 |
||
| 650 |
_aBiography--Lajpat Rai _991087 |
||
| 700 |
_aSri Ram Shrma _991088 |
||
| 942 |
_2ddc _cEN _h238 _mRAI |
||
| 999 |
_c124555 _d124555 |
||